000 00684nam a2200253Ia 4500
003 OSt
005 20220924121412.0
006 a|||||r|||| 00| 0
007 ta
008 220923b |||||||| |||| 00| 0 tel d
020 _cRs.25
024 _a346088
037 _cTextual
040 _aARTS
_cARTS
_btel
041 _2tel
_atel
082 _aO35,8x, M8
100 _aTuraga Krishna Mohan Rao Au.
_9185686
245 0 _aMatakacheri
260 _aHyderabad
_bPrathyusha Publications India
_c1988
300 _a144p.
_ccm.
650 _aTELUGU LITERATURE
942 _hO35,8x, M8
_cTEXL
_2CC
999 _c407308
_d407308